Statistics for The French Overseas Quiz

Click here to take the quiz!

General Stats

  • This quiz has been taken 15 times
  • The average score is 9 of 14

Answer Stats

Answer% Correct
France
92%
New Caledonia
83%
Wallis & Futuna
83%
French Polynesia
75%
Guadeloupe
75%
Mayotte
75%
French Guiana
67%
French Southern and Antarctic Islands
67%
Martinique
67%
Réunion
67%
Saint Pierre & Miquelon
58%
Saint Barthélemy
50%
Saint Martin
50%
Clipperton Island
25%

Score Distribution

Percentile by Number Answered

Percent of People with Each Score

Your Score History

You have not taken this quiz